Parallel'nyje algoritmi celočislennoj optimizacii

Enregistré dans:
Détails bibliographiques
Auteur principal: Chochljuk, Vitalij Ivanovič
Format: Livre
Langue:russe
Publié: Moskva Radio i svjaz' 1987
Édition:1. izd.
Collection:Monografija
Tags: Ajouter un tag
Pas de tags, Soyez le premier à ajouter un tag!

MARC

LEADER 00000nam a2200000 4500
001 c027811
005 20221219132013.6
041 0 |a rus 
044 |a RU 
245 1 0 |a Parallel'nyje algoritmi celočislennoj optimizacii  |c Vitalij Ivanovič Chochljuk 
250 |a 1. izd. 
264 1 |a Moskva  |b Radio i svjaz'  |c 1987 
300 |a 223 s. 
490 1 |a Monografija 
830 0 |a Monografija 
100 1 |a Chochljuk, Vitalij Ivanovič